000 00396nam a2200145Ia 4500
008 231129s1999||||xx |||||||||||||| ||spa||
020 _a970-607-966-1
040 _bspa
082 _a745.59332 I74m
100 _aIsabey Véronique
245 0 _aManualidades velas y lamparillas
260 _c1999
264 _aMéxico : Megaediciones
942 _2ddc
_cBKS
999 _c20564
_d20564